|
|
|
|
| LEADER |
00757nam a2200169Ia 4500 |
| 008 |
150624b xxu||||| |||| 00| 0 eng d |
| 020 |
|
|
|a 8170363896
|
| 020 |
|
|
|a 8170363896
|
| 082 |
|
|
|a 330.95483
|
| 245 |
|
|
|a Kerala's economy :
|b Performance, problems, prospects /
|c edited by B. A. Prakash
|
| 260 |
|
|
|a New Delhi :
|b Sage Publications,
|c 1994.
|
| 300 |
|
|
|a 418 p.
|
| 505 |
|
|
|a 1. Demographic trends, employment and migration 2. Agriculture and allied activities 3. Industry and power 4. Labour, education and trade 5. State finance.
|
| 700 |
|
|
|a Prakash, B. A.
|e editor.
|
| 942 |
|
|
|c BK
|
| 999 |
|
|
|c 47481
|d 47481
|
| 952 |
|
|
|0 0
|1 0
|4 0
|6 330_954830000000000_PRA_K
|7 0
|9 47462
|a UL
|b UL
|c ST1
|d 1998-09-01
|l 7
|m 2
|o 330.95483 PRA/K
|p 69519
|r 2021-11-02
|s 2021-11-01
|w 2012-10-27
|y BK
|k 395
|